| 000 | 00906nam a22002537a 4500 | ||
|---|---|---|---|
| 005 | 20090611154658.0 | ||
| 008 | 090611t xxu||||| |||| 00| 0 eng d | ||
| 010 | _aENG-93955 | ||
| 020 |
_a9788180545696 _c225.00 |
||
| 035 | _aEN-77488 | ||
| 037 | _bDBAD / PUB | ||
| 040 |
_adpl _bEnglish |
||
| 082 | _a658.4034 | ||
| 100 | _aGupta, S.P. | ||
| 245 |
_aQuantitative techniques and operations research / _cby S.P. Gupta [and] P.K. Gupta |
||
| 250 | _a2nd ed. | ||
| 260 |
_aNew Delhi _bSultan Chand _c2009 |
||
| 270 |
_a23,Daryaganj, _bNew Delhi _e110002 |
||
| 300 |
_aVarious pagings _c25cm(pbk) |
||
| 650 | _aOperations Research | ||
| 700 | _aGupta, P.K. | ||
| 942 |
_2ddc _cEN _h658.4034 _mGUP |
||
| 999 |
_c27391 _d27391 |
||